[Event "AUTO-ADV-4917"]
[Site "http://www.queenalice.com/game.php?id=1872079"]
[Date "2026.4.16"]
[Round "2"]
[White "Connor"]
[Black "chessman"]
[Result "0-1"]
[WhiteElo "1948"]
[BlackElo "2041"]

1. d4 d5 2. e3 Nf6 3. Nf3 e6 4. c4 Be7 5. Nc3 O-O 6. c5 c6 7. a3 Re8 8. b4 Bd7
9. Ne5 b6 10. Nxd7 Nbxd7 11. Qa4 b5 12. Qc2 a5 13. Bb2 axb4 14. axb4 Qc7 15. g3
Qb7 16. h4 Rxa1+ 17. Bxa1 Ra8 18. Bb2 h6 19. Be2 Ra6 20. Kd2 Nf8 21. Ra1 Qa7 22.
Rxa6 Qxa6 23. Bf3 N8d7 24. Qb1 e5 25. Qa1 Qxa1 26. Bxa1 e4 27. Bd1 Nb8 28. Bb2
Na6 29. Ba3 Bd8 30. f3 exf3 31. Bxf3 Kf8 32. e4 Nxe4+ 33. Nxe4 dxe4 34. Bxe4 Nb8
35. d5 cxd5 36. Bxd5 Ke7 37. Ke3 f6 0-1

[Event "AUTO-ADV-4917"]
[Site "http://www.queenalice.com/game.php?id=1872080"]
[Date "2026.4.16"]
[Round "2"]
[White "chessman"]
[Black "Connor"]
[Result "1-0"]
[WhiteElo "1972"]
[BlackElo "1964"]

1. e4 e5 2. Nf3 d6 3. d4 Be7 4. dxe5 dxe5 5. Nxe5 Qxd1+ 6. Kxd1 Nf6 7. f3 O-O 8.
Nd3 Rd8 9. Nc3 a6 10. Bf4 c6 11. Ke2 Be6 12. g4 Nbd7 13. Bg2 Nb6 14. Be3 Nc4 15.
Bc1 Rab8 16. b3 Nb6 17. h4 h6 18. g5 hxg5 19. hxg5 Nh7 20. f4 Bg4+ 21. Bf3 Bxf3+
22. Kxf3 Nf8 23. Be3 Nc8 24. Rh2 f6 25. Rah1 fxg5 26. f5 Nd7 27. e5 b5 28. Rg1
Ncb6 29. Bxg5 Bxg5 30. Rxg5 Nd5 31. Nxd5 cxd5 32. Rgh5 1-0

[Event "AUTO-ADV-4917"]
[Site "http://www.queenalice.com/game.php?id=1872081"]
[Date "2026.4.16"]
[Round "2"]
[White "Capixabba789"]
[Black "chessman"]
[Result "1-0"]
[WhiteElo "1942"]
[BlackElo "2011"]

1. d4 d5 2. Nc3 c6 3. f4 Nf6 4. Nf3 e6 5. e3 Be7 6. Bd3 O-O 7. O-O c5 8. dxc5
Bxc5 9. Ne2 Nc6 10. Bd2 Ng4 11. Ned4 Bxd4 12. exd4 Nf6 13. c3 Bd7 14. Ng5 h6 15.
Nf3 Qb6 16. b4 Rac8 17. a4 Ne4 18. Ne5 Nxd2 19. Qxd2 Nxe5 20. fxe5 Qd8 21. a5 a6
22. Rac1 Rc7 23. Bb1 Bb5 24. Qc2 g6 25. Rf6 Qc8 26. Re1 Qd7 27. Re3 1-0

[Event "AUTO-ADV-4917"]
[Site "http://www.queenalice.com/game.php?id=1872082"]
[Date "2026.4.16"]
[Round "2"]
[White "chessman"]
[Black "Capixabba789"]
[Result "1/2-1/2"]
[WhiteElo "1989"]
[BlackElo "1934"]

1. e4 e5 2. Nf3 d6 3. Bc4 Be7 4. O-O Nf6 5. Re1 O-O 6. d4 exd4 7. Nxd4 Bd7 8.
Nc3 c5 9. Nf3 Nc6 10. Qe2 a6 11. a4 Ne5 12. Nxe5 dxe5 13. f3 Bc6 14. Rd1 Qc7 15.
Nd5 Nxd5 16. Bxd5 Kh8 17. c4 f5 18. b3 a5 19. Bb2 f4 20. Rd2 Bf6 21. Rad1 Bxd5
22. exd5 Qd6 23. Qe4 b6 24. Re2 Rae8 25. Rde1 h6 26. Bc1 Qd7 27. Bd2 g5 28. Bc3
Bg7 29. Qg6 Rf6 30. Qe4 Rd6 31. h3 Bf6 32. Qg6 Bg7 33. Qe4 Bf6 34. Qg6 Bg7 35.
Qe4 1/2-1/2

[Event "AUTO-ADV-4892"]
[Site "http://www.queenalice.com/game.php?id=1872083"]
[Date "2026.4.16"]
[Round "2"]
[White "Capixabba789"]
[Black "chessman"]
[Result "0-1"]
[WhiteElo "1951"]
[BlackElo "1987"]

1. d4 d5 2. Nc3 c6 3. f4 Nf6 4. Nf3 e6 5. e3 Be7 6. Bd3 O-O 7. O-O Re8 8. Ne2 a6
9. Bd2 Nbd7 10. Ng3 Nf8 11. c3 Bd7 12. Ne5 Rc8 13. a3 c5 14. Qf3 cxd4 15. exd4
Bc6 16. f5 Ne4 17. Nxe4 dxe4 18. Bxe4 Bxe4 19. Qxe4 exf5 20. Qxf5 Bf6 21. Bf4
Ne6 22. Bg3 Nxd4 23. cxd4 Qxd4+ 24. Kh1 Bxe5 25. Qxf7+ Kh8 26. Bxe5 Qxe5 27. h3
b5 28. Rae1 Qxe1 29. Rxe1 Rxe1+ 30. Kh2 h6 31. Qb7 Rc2 32. Qxa6 Ree2 33. Qxb5
Rxg2+ 34. Kh1 Rge2 35. Qb8+ Kh7 36. Qg3 Rc1+ 37. Qg1 Ree1 38. Qxe1 Rxe1+ 39. Kg2
Re2+ 0-1

[Event "AUTO-ADV-4892"]
[Site "http://www.queenalice.com/game.php?id=1872084"]
[Date "2026.4.16"]
[Round "2"]
[White "chessman"]
[Black "Capixabba789"]
[Result "1-0"]
[WhiteElo "2010"]
[BlackElo "1896"]

1. e4 e5 2. Nf3 d6 3. Bc4 Be7 4. O-O Nf6 5. Re1 O-O 6. d4 exd4 7. Nxd4 Bd7 8.
Nc3 Nc6 9. Nxc6 Bxc6 10. Qe2 a6 11. Bg5 b5 12. Bb3 b4 13. Nd5 Bb5 14. Nxe7+ Qxe7
15. Qe3 Qe5 16. Bxf6 Qxf6 17. c3 bxc3 18. bxc3 c5 19. e5 dxe5 20. Qxc5 Rac8 21.
Qxe5 Qxe5 22. Rxe5 Rxc3 23. h3 h6 24. Rae1 Kh8 25. Re7 f6 26. Ra7 Rfc8 27. Ree7
Bd3 28. Rxg7 R3c6 29. Rgd7 Bf5 30. Re7 h5 31. g4 hxg4 32. hxg4 Bg6 33. Rg7 Be4
34. f4 Rc1+ 35. Kf2 R1c3 36. f5 Rf3+ 37. Ke2 Rxb3 38. Rh7+ Kg8 39. Rag7+ Kf8 40.
axb3 Bd5 41. Rh8+ Kxg7 42. Rxc8 Bxb3 43. Rc6 a5 44. Ke3 a4 45. Kf4 a3 46. Rc7+
Kh6 47. Ra7 a2 48. Ra3 Kg7 49. g5 fxg5+ 50. Kxg5 Bc4 51. Ra7+ Kf8 52. f6 Ke8 53.
Kg6 Bd3+ 54. Kg7 Bc4 55. Ra4 Be6 56. Ra3 Bd5 57. Re3+ Kd7 58. Re1 Bc4 59. f7
Bxf7 60. Kxf7 1-0

[Event "AUTO-ADV-4892"]
[Site "http://www.queenalice.com/game.php?id=1872089"]
[Date "2026.4.16"]
[Round "2"]
[White "chessman"]
[Black "Pin"]
[Result "1/2-1/2"]
[WhiteElo "2025"]
[BlackElo "2145"]

1. e4 c5 2. Nf3 d6 3. Bb5+ Bd7 4. Bxd7+ Nxd7 5. O-O Ngf6 6. Re1 g6 7. c3 Bg7 8.
Qe2 O-O 9. d4 cxd4 10. cxd4 e5 11. Nc3 a6 12. d5 Rc8 13. a3 Kh8 14. Bg5 h6 15.
Be3 Kh7 16. Rac1 Ng4 17. h3 Nxe3 18. Qxe3 Nc5 19. b4 Nd7 20. Na4 Rh8 21. Rxc8
Qxc8 22. Rc1 Qb8 23. Nb6 Nxb6 24. Qxb6 Rc8 25. Rxc8 Qxc8 26. Qxd6 Qc1+ 27. Kh2
Qf4+ 28. Kg1 Qc1+ 29. Kh2 Qf4+ 30. Kg1 Qc1+ 1/2-1/2

[Event "AUTO-ADV-4892"]
[Site "http://www.queenalice.com/game.php?id=1872090"]
[Date "2026.4.16"]
[Round "2"]
[White "Pin"]
[Black "chessman"]
[Result "0-1"]
[WhiteElo "2158"]
[BlackElo "1984"]

1. d4 d5 2. Nf3 c6 3. Nc3 Nf6 4. Bg5 e6 5. e3 Be7 6. Bd3 O-O 7. O-O Nbd7 8. Qe2
Re8 9. Rfe1 Nf8 10. Rad1 a6 11. h4 c5 12. dxc5 Bxc5 13. Ne5 Bd7 14. a3 Bc6 15.
Nxc6 bxc6 16. e4 Be7 17. e5 N6d7 18. f4 Bxg5 19. hxg5 Qb6+ 20. Kh2 Qxb2 21. Qh5
Qxc3 22. Re3 Qc5 23. Rh3 g6 24. Qh4 Qe7 25. g4 a5 26. Re1 Rab8 27. f5 exf5 28.
gxf5 Nxe5 29. fxg6 Nf3+ 30. Rxf3 Qxe1 31. gxf7+ Kh8 32. Qd4+ Qe5+ 33. Qxe5+ Rxe5
34. g6 hxg6 35. Rf6 Kg7 36. Rxc6 Kxf7 37. Kg3 Re3+ 38. Kf4 Rxd3 39. cxd3 Rb3 40.
Rc5 Ne6+ 0-1

[Event "AUTO-MASTER-3302"]
[Site "http://www.queenalice.com/game.php?id=1872258"]
[Date "2026.4.21"]
[Round "1"]
[White "Capixabba789"]
[Black "chessman"]
[Result "1-0"]
[WhiteElo "1906"]
[BlackElo "2000"]

1. d4 d5 2. Nc3 c6 3. f4 Nf6 4. Nf3 Ne4 5. Bd2 Nxd2 6. Qxd2 Nd7 7. e3 e6 8. Bd3
Be7 9. O-O Nf6 10. Ne5 O-O 11. Ne2 a6 12. Ng3 Bd7 13. c3 c5 14. Kh1 cxd4 15.
exd4 Qb6 16. a4 Rac8 17. b4 Bd6 18. a5 Qa7 19. Bc2 Bb5 20. f5 Bxf1 21. Rxf1 exf5
22. Nxf5 Bxe5 23. dxe5 Ne4 24. Bxe4 dxe4 25. Qg5 g6 26. Ne7+ 1-0

[Event "AUTO-MASTER-3302"]
[Site "http://www.queenalice.com/game.php?id=1872259"]
[Date "2026.4.21"]
[Round "1"]
[White "chessman"]
[Black "Capixabba789"]
[Result "0-1"]
[WhiteElo "2021"]
[BlackElo "1885"]

1. e4 e5 2. Nf3 d6 3. d4 exd4 4. Nxd4 Nf6 5. Nc3 Be7 6. Be2 O-O 7. O-O Bd7 8. f3
Nc6 9. Be3 Ne5 10. Nf5 a6 11. Nxe7+ Qxe7 12. f4 Ng6 13. Bf3 Bc6 14. Re1 Rfe8 15.
f5 Ne5 16. b3 Nxf3+ 17. gxf3 Nxe4 18. fxe4 Qh4 19. Nd5 Rxe4 0-1

[Event "AUTO-MASTER-3303"]
[Site "http://www.queenalice.com/game.php?id=1872353"]
[Date "2026.4.23"]
[Round "1"]
[White "chessman"]
[Black "maurice916"]
[Result "1/2-1/2"]
[WhiteElo "2061"]
[BlackElo "1912"]

1. e4 c6 2. d4 d5 3. e5 c5 4. c3 Nc6 5. f4 h5 6. Nf3 Bg4 7. Be2 e6 8. O-O Qb6 9.
Nbd2 cxd4 10. cxd4 Be7 11. Nb3 Bxf3 12. Bxf3 Nh6 13. Bxh5 Nf5 14. g4 Nfxd4 15.
Be3 Bc5 16. Nxc5 Qxc5 17. b4 Qb6 18. b5 Qxb5 19. Bxd4 Nxd4 20. Qxd4 Rc8 21. Rac1
O-O 22. g5 Rc4 23. Rxc4 dxc4 24. Rc1 Rc8 25. Be2 Qd5 26. Rxc4 Rxc4 27. Qxc4 Qa5
28. Qc8+ Kh7 29. Bd3+ g6 30. Qc2 Qe1+ 31. Kg2 Qe3 32. Bxg6+ fxg6 33. Qc7+ Kh8
34. Qb8+ Kh7 35. Qxb7+ 1/2-1/2

[Event "AUTO-MASTER-3303"]
[Site "http://www.queenalice.com/game.php?id=1872354"]
[Date "2026.4.23"]
[Round "1"]
[White "maurice916"]
[Black "chessman"]
[Result "0-1"]
[WhiteElo "1913"]
[BlackElo "2030"]

1. Nf3 d5 2. b3 e6 3. Bb2 Nf6 4. g3 Be7 5. Bg2 O-O 6. O-O a6 7. e3 c5 8. d4 Nc6
9. Nbd2 cxd4 10. Nxd4 Nxd4 11. Bxd4 Qc7 12. a3 Bd7 13. b4 e5 14. Bb2 Bd6 15. Rc1
Rac8 16. Nf3 Rfd8 17. Ne1 Bc6 18. Nd3 Re8 19. Re1 Red8 20. Qe2 Re8 21. Qd2 Re6
22. f4 Ne4 23. fxe5 Nxd2 24. exd6 Qxd6 25. Be5 Rxe5 26. Nxe5 Qxe5 27. c3 Ne4 28.
c4 dxc4 29. Rxc4 f5 30. Rec1 Qb2 31. a4 Qf2+ 32. Kh1 Nxg3+ 33. hxg3 Qxg2# 0-1

[Event "AUTO-ADV-4932"]
[Site "http://www.queenalice.com/game.php?id=1872387"]
[Date "2026.4.24"]
[Round "1"]
[White "Capixabba789"]
[Black "chessman"]
[Result "1-0"]
[WhiteElo "1912"]
[BlackElo "2003"]

1. d4 d5 2. Nc3 c6 3. f4 Bg4 4. Nf3 Bxf3 5. exf3 Nf6 6. Bd3 e6 7. O-O Be7 8. Qe1
O-O 9. Ne2 Qb6 10. c3 Nbd7 11. Ng3 c5 12. dxc5 Bxc5+ 13. Kh1 Rfe8 14. b4 Bd6 15.
Be3 Qc7 16. Qc1 a6 17. a4 Rac8 18. Bd2 e5 19. fxe5 Nxe5 20. Bf5 Nc4 21. Bxc8
Rxc8 22. Be1 Re8 23. Bf2 g6 24. Bd4 Be5 25. Bxe5 Rxe5 26. Re1 h5 27. Qh6 Rxe1+
28. Rxe1 Qd7 29. h3 Nh7 30. Qf4 Qxa4 31. Qb8+ Kg7 32. Qxb7 Nf6 33. Re7 Nd6 34.
Qc7 Nfe8 35. Qc5 Qd1+ 36. Kh2 h4 37. Qd4+ Kf8 38. Qxd1 1-0

[Event "AUTO-ADV-4932"]
[Site "http://www.queenalice.com/game.php?id=1872388"]
[Date "2026.4.24"]
[Round "1"]
[White "chessman"]
[Black "Capixabba789"]
[Result "1-0"]
[WhiteElo "1970"]
[BlackElo "1920"]

1. e4 e5 2. Nf3 d6 3. d4 exd4 4. Nxd4 Nf6 5. Bd3 Be7 6. O-O O-O 7. Nc3 Bg4 8.
Be2 Bxe2 9. Qxe2 Nbd7 10. h3 Ne5 11. f4 Ng6 12. Nf5 Re8 13. Nxe7+ Nxe7 14. Be3
Ng6 15. Bd2 Nxe4 16. Nxe4 d5 17. Nf6+ Qxf6 18. Qf3 c6 19. c3 a6 20. Rfe1 Rxe1+
21. Rxe1 b5 22. Re2 h6 23. Be3 Qf5 24. g4 Qd7 25. Bc5 Re8 26. Kf2 Rxe2+ 27. Kxe2
Qe6+ 28. Kf2 Qf6 29. f5 Nh4 30. Qe3 Qd8 31. Qe7 Qxe7 32. Bxe7 g5 33. Bd6 f6 34.
b4 h5 35. a3 hxg4 36. hxg4 Kf7 37. Bc5 Ng6 38. fxg6+ Kxg6 39. Ke3 f5 40. gxf5+
Kxf5 41. Kf3 g4+ 42. Kg3 Ke4 43. Kxg4 Kd3 44. Bd4 Kc4 45. Kf5 Kb3 46. Ke6 Kxa3
47. Kd6 1-0

[Event "AUTO-OPEN-4649"]
[Site "http://www.queenalice.com/game.php?id=1872476"]
[Date "2026.4.25"]
[Round "1"]
[White "chessman"]
[Black "Capixabba789"]
[Result "1-0"]
[WhiteElo "2053"]
[BlackElo "1857"]

1. e4 e5 2. Nf3 d6 3. d4 exd4 4. Nxd4 Nf6 5. Nc3 Be7 6. h3 Bd7 7. Be2 O-O 8. O-O
Nc6 9. f3 Ne5 10. f4 Ng6 11. Bf3 c5 12. Nf5 Bc6 13. Nxe7+ Nxe7 14. e5 Bxf3 15.
Qxf3 Nc6 16. exf6 Qxf6 17. Be3 Rad8 18. Rad1 Rfe8 19. Rfe1 1-0

[Event "AUTO-OPEN-4649"]
[Site "http://www.queenalice.com/game.php?id=1872477"]
[Date "2026.4.25"]
[Round "1"]
[White "Capixabba789"]
[Black "chessman"]
[Result "1-0"]
[WhiteElo "1869"]
[BlackElo "2055"]

1. d4 d5 2. Nc3 c6 3. f4 Nf6 4. Nf3 e6 5. e3 Be7 6. Bd3 O-O 7. O-O a6 8. Ne2 Re8
9. Ng3 Nbd7 10. Ne5 c5 11. dxc5 Bxc5 12. Ng4 b5 13. Nxf6+ Nxf6 14. Kh1 Bb7 15.
a3 e5 16. fxe5 Rxe5 17. Qf3 Re8 18. Nf5 Be7 19. Qg3 g6 20. Nxe7+ Qxe7 21. b3 Kg7
22. Bb2 1-0